[Event "European Rapid 2017"]
[Site "Katowice POL"]
[Date "2017.12.16"]
[Round "2.65"]
[White "Vogel, Constantin"]
[Black "Zwardon, Vojtech"]
[Result "0-1"]
[BlackTitle "IM"]
[WhiteElo "2026"]
[BlackElo "2408"]
[WhiteFideId "12960071"]
[BlackFideId "325511"]
[EventDate "2017.12.16"]

1. c4 c5 2. Nc3 Nc6 3. g3 g6 4. Bg2 Bg7 5. a3 d6 6. Rb1 a5 7. d3 Bg4 8. h3 Bd7
9. e3 h5 10. Nge2 Nh6 11. Bd2 Nf5 12. O-O Rb8 13. Nb5 Ne5 14. Bc3 Bc6 15. e4 Nd4
16. Nbxd4 cxd4 17. Nxd4 Bd7 18. f4 Qb6 19. Qb3 Nxc4 20. Qxb6 Nxb6 21. Ne2 O-O
22. Bxa5 Na4 23. b3 b6 24. Bb4 Nb2 25. d4 Nd3 26. Bd2 Rfc8 27. Rfd1 Bb5 28. Be3
Rc2 29. Nc1 Nb2 30. Re1 Rbc8 31. e5 dxe5 32. dxe5 Bc6 33. Bxc6 R8xc6 34. Bd4 Rd2
35. Be3 Rd1 36. Kf1 Rc2 37. Rxd1 Nxd1 38. Bd4 Nc3 39. Bxc3 Rxc3 40. Ne2 Rf3+ 41.
Kg2 Rd3 42. a4 f6 43. exf6 Bxf6 44. b4 Ra3 45. a5 bxa5 46. bxa5 Rxa5 47. Rb3 Ra1
48. g4 Kf7 49. Re3 Re1 50. Kf2 Bh4+ 51. Kg2 Bf6 52. Re4 Rd1 53. Re3 Rd2 54. Kf3
Rd1 55. Ng3 Bd4 56. Rb3 h4 57. Ne2 Rf1+ 58. Ke4 Bc5 59. Nd4 Bxd4 60. Kxd4 Rxf4+
61. Ke5 Rf1 62. Re3 Rf2 63. Rd3 Rg2 64. Kf4 Kf6 65. Ke4 Re2+ 66. Kf3 Rh2 67. Ke4
Rg2 68. Rf3+ Kg5 69. Rf1 Re2+ 70. Kf3 Rh2 0-1

[Event "European Rapid 2017"]
[Site "Katowice POL"]
[Date "2017.12.16"]
[Round "2.66"]
[White "Vavulin, Maksim"]
[Black "Hosek, Martin"]
[Result "1-0"]
[WhiteTitle "IM"]
[WhiteElo "2575"]
[BlackElo "2120"]
[WhiteFideId "4169530"]
[BlackFideId "345652"]
[EventDate "2017.12.16"]

1. e4 Nf6 2. d3 g6 3. f4 Bg7 4. Nf3 d6 5. g3 c5 6. Bg2 Nc6 7. Nc3 a6 8. h3 Rb8
9. Be3 e6 10. Bf2 Qc7 11. Qd2 b5 12. g4 h6 13. O-O O-O 14. Rae1 b4 15. Nd1 e5
16. Bg3 Nd4 17. Ne3 Bb7 18. Bh2 Nd7 19. Nxd4 cxd4 20. Nc4 Ba8 21. Rf2 Nb6 22.
Nxb6 Rxb6 23. f5 f6 24. fxg6 Rc8 25. Bf3 d5 26. exd5 Qd8 27. Qe2 Bxd5 28. Bxd5+
Qxd5 29. Qe4 Qxe4 30. Rxe4 Rbc6 31. Ree2 Bf8 32. h4 Be7 33. Kg2 a5 34. Kf3 a4
35. Ke4 Rc5 36. Rg2 Kg7 37. Kf5 Bd8 38. g5 hxg5 39. hxg5 e4+ 40. Kxe4 Rxg5 41.
Rxg5 fxg5 42. Kf5 Bf6 43. Re6 Rc5+ 44. Kg4 Kxg6 45. Bg1 Kf7 46. Rxf6+ 1-0

[Event "European Rapid 2017"]
[Site "Katowice POL"]
[Date "2017.12.16"]
[Round "2.67"]
[White "Zaleski, Lukasz"]
[Black "Jakubowski, Krzysztof"]
[Result "1-0"]
[BlackTitle "GM"]
[WhiteElo "2229"]
[BlackElo "2526"]
[WhiteFideId "1172611"]
[BlackFideId "1112848"]
[EventDate "2017.12.16"]

1. e4 c5 2. Nf3 d6 3. d4 cxd4 4. Nxd4 Nf6 5. Nc3 a6 6. Be2 e6 7. O-O Nc6 8. Be3
Be7 9. f4 O-O 10. a4 Nd7 11. Kh1 Nb6 12. Nb3 Bd7 13. a5 Nc8 14. Qd2 f5 15. exf5
Rxf5 16. Bd3 Rh5 17. Be2 Rf5 18. Bg4 Rf8 19. Rfe1 Qe8 20. Bf3 Qg6 21. Be4 Qf7
22. Nc5 Bh4 23. Red1 Rb8 24. Nxd7 Qxd7 25. Bf3 N6e7 26. g3 Bf6 27. Bd4 Bxd4 28.
Qxd4 Nf5 29. Qd3 Nce7 30. Ne4 d5 31. Re1 Rbc8 32. Bg2 Rc6 33. Ng5 h6 34. Nf3 Ng6
35. Bh3 Rc5 36. Ne5 Nxe5 37. Rxe5 g6 38. Rae1 Rf6 39. g4 Ng7 40. g5 hxg5 41.
fxg5 Rf5 42. Bxf5 gxf5 43. g6 Qe8 44. Rg1 Qb8 45. Re2 Kf8 46. Qd4 Qc7 47. Qh4
Ne8 48. Rxe6 Qg7 49. Qh7 Nc7 50. Qxg7+ Kxg7 51. Re7+ Kg8 52. g7 Rc6 53. Rd7 f4
54. Rd8+ 1-0

[Event "European Rapid 2017"]
[Site "Katowice POL"]
[Date "2017.12.16"]
[Round "2.68"]
[White "De Filomeno, Simone"]
[Black "Sanz Wawer, Daniel"]
[Result "1/2-1/2"]
[WhiteTitle "IM"]
[WhiteElo "2429"]
[BlackElo "2134"]
[WhiteFideId "828688"]
[BlackFideId "1185543"]
[EventDate "2017.12.16"]

1. d4 d5 2. c4 c6 3. Nc3 Nf6 4. Nf3 e6 5. g3 Nbd7 6. Bg2 Be7 7. O-O O-O 8. Nd2
b6 9. e4 Ba6 10. Re1 dxc4 11. a4 e5 12. Nf3 exd4 13. Nxd4 Ne5 14. Bf4 Nfd7 15.
Re2 Bc5 16. Rd2 Qf6 17. Be3 Nd3 18. Nf5 Bxe3 19. Nxe3 N7c5 20. Ra3 Rad8 21. Qh5
Nf4 22. Qd1 Nxg2 23. Kxg2 Nb3 24. Rxd8 Rxd8 25. Qe1 Nd4 26. f4 Nb3 27. e5 Qe6
28. Ne4 Rd4 29. Ng5 Qg6 30. Nf1 h6 31. Nf3 Rxf4 32. Qe2 c5 33. Rxb3 cxb3 34.
Qxa6 Qc2+ 35. N1d2 Rxf3 36. Kxf3 Qxd2 37. Qc8+ Kh7 1/2-1/2

[Event "European Rapid 2017"]
[Site "Katowice POL"]
[Date "2017.12.16"]
[Round "2.69"]
[White "Jaskolka, Tomasz"]
[Black "Brodowski, Piotr"]
[Result "0-1"]
[BlackTitle "IM"]
[WhiteElo "2011"]
[BlackElo "2430"]
[WhiteFideId "1170791"]
[BlackFideId "1124480"]
[EventDate "2017.12.16"]

1. e4 c5 2. Nf3 Nc6 3. Bb5 g6 4. O-O Bg7 5. Re1 Nf6 6. c3 O-O 7. d4 cxd4 8. cxd4
d5 9. e5 Ne4 10. Nc3 Nxc3 11. bxc3 Na5 12. Ba3 Bd7 13. Bd3 Rc8 14. Bb4 Nc4 15.
Bxc4 Rxc4 16. Nd2 Rc6 17. Qf3 Bf5 18. Nb3 b6 19. a4 a5 20. Ba3 Qd7 21. Nd2 Bh6
22. Ra2 Rfc8 23. Rc1 R6c7 24. c4 Qxa4 25. Rc3 b5 26. g4 Be6 27. c5 b4 28. Rb3
bxa3 29. Raxa3 Qxd4 0-1

[Event "European Rapid 2017"]
[Site "Katowice POL"]
[Date "2017.12.16"]
[Round "2.70"]
[White "Shkapenko, Pavel"]
[Black "Koziol, Kamil"]
[Result "1-0"]
[WhiteTitle "IM"]
[BlackTitle "FM"]
[WhiteElo "2431"]
[BlackElo "2305"]
[WhiteFideId "4151933"]
[BlackFideId "1161555"]
[EventDate "2017.12.16"]

1. e4 c5 2. c3 Nf6 3. e5 Nd5 4. d4 cxd4 5. cxd4 e6 6. Nc3 d6 7. Nf3 Nc6 8. Bd3
dxe5 9. dxe5 Nxc3 10. bxc3 Qa5 11. O-O Nxe5 12. Nxe5 Qxe5 13. Re1 Qc7 14. Bb5+
Bd7 15. Bf4 Qc8 16. Rb1 Bxb5 17. Rxb5 Qc6 18. Rg5 Rd8 19. Qe2 Bd6 20. Bxd6 Rxd6
21. Rxg7 Qxc3 22. Rg3 Qa5 23. Rc1 Ke7 24. Qb2 Rhd8 25. Qxb7+ R8d7 26. Qb3 Qd2
27. Rf1 Qe2 28. Re3 Qd2 29. g3 Rb6 30. Qa3+ Qb4 31. Qc1 Qd2 32. Qc5+ Ke8 33. Qe5
Qxa2 34. Qh8+ Ke7 35. Qxh7 Rb3 36. Qh4+ Ke8 37. Rc1 Rb1 38. Ree1 Rxc1 39. Rxc1
Qa6 40. Rc8+ Qxc8 41. Qh8+ Ke7 42. Qxc8 Rd5 43. Qc7+ Rd7 44. Qc5+ Kf6 45. h4 Kg6
46. Kg2 Kg7 47. Qg5+ Kh7 48. Qf6 Kg8 49. h5 1-0

[Event "European Rapid 2017"]
[Site "Katowice POL"]
[Date "2017.12.16"]
[Round "2.71"]
[White "Weclawski, Dorota"]
[Black "Valsecchi, Alessio"]
[Result "0-1"]
[WhiteTitle "WFM"]
[BlackTitle "IM"]
[WhiteElo "1957"]
[BlackElo "2501"]
[WhiteFideId "4623800"]
[BlackFideId "818860"]
[EventDate "2017.12.16"]

1. d4 Nf6 2. Nf3 g6 3. c3 Bg7 4. Bg5 O-O 5. Nbd2 h6 6. Bh4 d5 7. h3 c5 8. e3 Qb6
9. Qc1 Nc6 10. Bd3 Re8 11. O-O e5 12. dxc5 Qxc5 13. e4 Nxe4 14. Bxe4 dxe4 15.
Nxe4 Qd5 16. Nf6+ Bxf6 17. Bxf6 Qe6 18. Bh4 g5 19. Bg3 f5 20. Re1 f4 21. Bh2 Qf7
22. Nd2 Bf5 23. Ne4 Rad8 24. f3 Ne7 25. Kh1 b6 26. Bg1 Rd7 27. Rd1 Nd5 28. Qc2
Red8 29. Qe2 Kg7 30. a4 Qe6 31. c4 Bxe4 32. fxe4 Nf6 33. b3 Rxd1 34. Rxd1 Nxe4
35. Qe1 Rxd1 36. Qxd1 Ng3+ 37. Kh2 Nf5 38. Qd8 e4 39. Bf2 Kg6 40. a5 e3 41. Be1
e2 42. axb6 axb6 43. Qd3 h5 44. b4 g4 45. hxg4 hxg4 46. c5 bxc5 47. bxc5 Kg5 48.
Qd8+ Kg6 49. Qd3 g3+ 50. Kh1 Qe7 0-1

[Event "European Rapid 2017"]
[Site "Katowice POL"]
[Date "2017.12.16"]
[Round "2.72"]
[White "Kovalev, Denis"]
[Black "Krumina, Linda"]
[Result "1-0"]
[WhiteTitle "IM"]
[BlackTitle "WFM"]
[WhiteElo "2504"]
[BlackElo "2134"]
[WhiteFideId "14104059"]
[BlackFideId "11601701"]
[EventDate "2017.12.16"]

1. Nf3 d5 2. c4 c6 3. cxd5 cxd5 4. d4 Nf6 5. Nc3 Nc6 6. Bf4 a6 7. Rc1 h6 8. Ne5
Bd7 9. e3 e6 10. Bd3 Be7 11. O-O O-O 12. Bb1 Nxe5 13. dxe5 Ne4 14. Nxe4 dxe4 15.
Bxe4 Bb5 16. Qg4 Kh8 17. Rfd1 Qb6 18. Qh5 f5 19. exf6 Rxf6 20. Bc7 Qa7 21. Be5 1-0

[Event "European Rapid 2017"]
[Site "Katowice POL"]
[Date "2017.12.16"]
[Round "2.73"]
[White "Galyga, Zbigniew"]
[Black "Feuerstack, Aljoscha"]
[Result "0-1"]
[BlackTitle "IM"]
[WhiteElo "2146"]
[BlackElo "2438"]
[WhiteFideId "1130250"]
[BlackFideId "4681932"]
[EventDate "2017.12.16"]

1. d4 Nf6 2. Nf3 c5 3. d5 e6 4. c4 b5 5. Nc3 b4 6. Nb1 exd5 7. cxd5 Bb7 8. Bg5
h6 9. Bxf6 Qxf6 10. Nbd2 Bxd5 11. e4 Be6 12. Qc2 Nc6 13. Bb5 Rc8 14. O-O Be7 15.
Rfe1 O-O 16. e5 Qf5 17. Bd3 Qh5 18. Nc4 Nd4 19. Nxd4 cxd4 20. b3 d5 21. exd6
Bxd6 22. g3 Bd5 23. Be4 Rfe8 24. Bxd5 Qxd5 25. Qd3 Bc5 26. Rad1 h5 27. h4 g6 28.
Re2 Rxe2 29. Qxe2 Kf8 30. Qe5 Qxe5 31. Nxe5 Rd8 32. Nd3 Bd6 33. Kg2 Rc8 34. Rc1
Rc3 35. Rd1 Rc2 36. Kf3 Rxa2 37. Ke4 Bc7 38. Rc1 Bb6 39. Kd5 Ke7 40. Re1+ Kf6
41. Re4 Rc2 42. Nxb4 Rxf2 43. Nd3 Rf3 44. Kc4 Rxg3 45. Rf4+ Kg7 46. Ne5 Rc3+ 47.
Kd5 Rc5+ 0-1

[Event "European Rapid 2017"]
[Site "Katowice POL"]
[Date "2017.12.16"]
[Round "2.74"]
[White "Zorko, Jure"]
[Black "Morkisz, Bogdan"]
[Result "1-0"]
[WhiteTitle "IM"]
[WhiteElo "2457"]
[BlackElo "2023"]
[WhiteFideId "14604051"]
[BlackFideId "1103610"]
[EventDate "2017.12.16"]

1. d4 e6 2. c4 f5 3. g3 Nf6 4. Bg2 d5 5. Nf3 c6 6. O-O Bd6 7. b3 Qe7 8. Bb2 O-O
9. Qc1 Nbd7 10. Ba3 Bxa3 11. Qxa3 Qxa3 12. Nxa3 Re8 13. e3 Ne4 14. Rfc1 a5 15.
Rc2 Ndf6 16. Ne5 Nd7 17. Nd3 Ndf6 18. f3 Nd6 19. Rac1 Re7 20. Rb2 Nf7 21. f4 Nd6
22. Ne5 Nd7 23. c5 Ne4 24. Nb1 Nxe5 25. dxe5 Bd7 26. Bxe4 fxe4 27. Nc3 Be8 28.
Ne2 Bg6 29. Nd4 Bf5 30. Kg2 h5 31. h3 Ra7 32. Kh2 Re8 33. Rg1 Bg6 34. g4 Bf7 35.
Kg3 Re7 36. Kh4 Be8 37. gxh5 Kh7 38. Rbg2 a4 39. f5 Bd7 40. f6 1-0

[Event "European Rapid 2017"]
[Site "Katowice POL"]
[Date "2017.12.16"]
[Round "2.75"]
[White "Wyczling, Bartosz"]
[Black "Zelcic, Robert"]
[Result "0-1"]
[BlackTitle "GM"]
[WhiteElo "2103"]
[BlackElo "2501"]
[WhiteFideId "1169920"]
[BlackFideId "14500310"]
[EventDate "2017.12.16"]

1. d4 c5 2. d5 e6 3. c4 exd5 4. cxd5 d6 5. Nc3 Ne7 6. e4 Ng6 7. Nge2 Be7 8. Ng3
O-O 9. Be2 a6 10. a4 Bf6 11. O-O Re8 12. Be3 Nd7 13. Qc2 Be5 14. f4 Bd4 15. Nf5
Bxe3+ 16. Nxe3 Nf6 17. Nc4 Qc7 18. Bd3 Nd7 19. Rae1 Nb6 20. e5 Nxc4 21. Bxc4
dxe5 22. f5 Nf8 23. f6 Ng6 24. Ne4 Qd8 25. fxg7 f5 26. Nxc5 Kxg7 27. Ne6+ Bxe6
28. dxe6 Qd4+ 29. Kh1 Rac8 30. Qxf5 Rf8 31. Qg5 Qxc4 32. Rg1 Qxe6 33. h4 Rc4 34.
g3 Qh3# 0-1

[Event "European Rapid 2017"]
[Site "Katowice POL"]
[Date "2017.12.16"]
[Round "2.76"]
[White "Dobrowolski, Piotr"]
[Black "Musil, Jiri"]
[Result "1-0"]
[WhiteTitle "IM"]
[WhiteElo "2421"]
[BlackElo "2182"]
[WhiteFideId "1106236"]
[BlackFideId "339300"]
[EventDate "2017.12.16"]

1. e4 c5 2. c3 d5 3. exd5 Qxd5 4. d4 Nc6 5. Nf3 e5 6. Nbd2 cxd4 7. Bc4 Qd8 8.
cxd4 exd4 9. O-O Bd6 10. Re1+ Nce7 11. Ne4 Bf5 12. Qxd4 Bb4 13. Bb5+ 1-0

[Event "European Rapid 2017"]
[Site "Katowice POL"]
[Date "2017.12.16"]
[Round "2.77"]
[White "Janiszewski, Maciej"]
[Black "Kreisl, Robert"]
[Result "0-1"]
[BlackTitle "IM"]
[WhiteElo "2101"]
[BlackElo "2440"]
[WhiteFideId "1120620"]
[BlackFideId "1613880"]
[EventDate "2017.12.16"]

1. Nf3 g6 2. c4 Bg7 3. g3 b6 4. Bg2 Bb7 5. O-O Nf6 6. Nc3 O-O 7. Re1 Ne4 8. Nxe4
Bxe4 9. d3 Bb7 10. d4 Be4 11. Ng5 Bxg2 12. Kxg2 d5 13. Nf3 dxc4 14. e4 Nc6 15.
Be3 b5 16. a4 a6 17. d5 Na5 18. Bd4 Bxd4 19. Nxd4 c5 20. dxc6 Qb6 21. b4 Nxc6
22. Nc2 Rad8 23. Qg4 Rd2 24. Re2 Ne5 25. a5 Qf6 0-1

[Event "European Rapid 2017"]
[Site "Katowice POL"]
[Date "2017.12.16"]
[Round "2.78"]
[White "Kanarek, Marcel"]
[Black "Kowalski, Igor"]
[Result "1-0"]
[WhiteTitle "GM"]
[WhiteElo "2505"]
[BlackElo "2328"]
[WhiteFideId "1126822"]
[BlackFideId "1172468"]
[EventDate "2017.12.16"]

1. Nf3 d5 2. g3 Nf6 3. Bg2 e6 4. d4 Be7 5. O-O O-O 6. c4 dxc4 7. Qa4 a6 8. Qxc4
b5 9. Qc2 Bb7 10. Bf4 Nc6 11. Rd1 Nb4 12. Qc1 Rc8 13. Nc3 Qe8 14. a3 Nbd5 15.
Nxd5 Bxd5 16. b4 Bd6 17. Ne5 Bxg2 18. Kxg2 Bxe5 19. dxe5 Nd5 20. Be3 f5 21. exf6
Rxf6 22. Bd4 Rh6 23. Qg5 Rg6 24. Qe5 a5 25. e4 Nb6 26. Bxb6 cxb6 27. Rd6 Rf6 28.
Rxb6 axb4 29. axb4 Qf8 30. Ra2 Qxb4 31. Rxe6 Qc4 32. Rxf6 gxf6 33. Qf5 Re8 34.
Ra6 Qxe4+ 35. Qxe4 Rxe4 36. Rxf6 Re2 37. Rb6 Rb2 38. g4 b4 39. Kg3 b3 40. f4 Rb1
41. Kh4 b2 42. Kg5 Kf7 43. h4 Ke7 44. f5 h6+ 45. Kxh6 Rg1 46. Rb7+ Kd6 47. Rxb2
Rxg4 48. Re2 Rxh4+ 49. Kg7 Rg4+ 50. Kf7 Rg1 51. f6 Rf1 52. Kg7 Kd7 53. f7 Rg1+
54. Kf8 Rf1 55. Rd2+ Kc8 56. Rd4 Kc7 57. Kg7 Rg1+ 58. Kf6 Rf1+ 59. Kg6 Rf2 60.
Rd5 1-0

[Event "European Rapid 2017"]
[Site "Katowice POL"]
[Date "2017.12.16"]
[Round "2.79"]
[White "Gonsior, Monika"]
[Black "Sergeev, Vladimir"]
[Result "0-1"]
[BlackTitle "GM"]
[WhiteElo "2004"]
[BlackElo "2406"]
[WhiteFideId "1110276"]
[BlackFideId "14101076"]
[EventDate "2017.12.16"]

1. e4 Nf6 2. e5 Nd5 3. d4 d6 4. Nf3 Bg4 5. c4 Nb6 6. exd6 exd6 7. Be2 Be7 8. O-O
O-O 9. Nc3 Nc6 10. Re1 Bf6 11. c5 dxc5 12. dxc5 Qxd1 13. Bxd1 Bxc3 14. bxc3 Nd5
15. Bb2 Nf4 16. Nd4 Nxd4 17. cxd4 Bxd1 18. Raxd1 Nd5 19. Re5 c6 20. Rde1 Rfd8
21. a3 Kf8 22. g3 Rd7 23. f4 Rad8 24. Kf2 Nc7 25. Ke3 Nb5 26. Rd1 f6 27. Re4 Kf7
28. f5 Rd5 29. Rf1 Nc7 30. Bc3 R5d7 31. Ba5 Nd5+ 32. Kd3 Re8 33. Rxe8 Kxe8 34.
Re1+ Kf7 35. Re4 b6 36. cxb6 axb6 37. Bd2 Ra7 38. Bc1 Ra5 39. g4 Rb5 40. Kc2 h5
41. h3 hxg4 42. hxg4 Ra5 43. Kb3 Rb5+ 44. Kc2 Ra5 45. Kb3 b5 46. Bd2 Ra8 47. Re6
Rc8 48. Bb4 g6 49. Bc5 Rc7 50. Bd6 Rd7 51. Bc5 gxf5 52. gxf5 Rc7 53. Bd6 Rc8 54.
Bc5 Kg7 55. Re2 Rh8 56. Re6 Rc8 57. Re2 Rh8 58. Re6 Rc8 59. Re2 Kh6 60. Rg2 Kh5
61. Bd6 Rd8 62. Bc5 Re8 63. a4 Re3+ 64. Kb2 bxa4 65. Rc2 Rb3+ 66. Kc1 Rc3 67.
Rxc3 Nxc3 68. Kb2 Nb5 0-1

[Event "European Rapid 2017"]
[Site "Katowice POL"]
[Date "2017.12.16"]
[Round "2.80"]
[White "Kourousis, Epaminondas"]
[Black "Banasik, Henryk"]
[Result "1-0"]
[WhiteTitle "IM"]
[WhiteElo "2393"]
[BlackElo "1816"]
[WhiteFideId "4211626"]
[BlackFideId "1107020"]
[EventDate "2017.12.16"]

1. d4 c5 2. d5 e5 3. e4 d6 4. c4 Be7 5. Nf3 Nd7 6. Nc3 a6 7. a4 Nf8 8. Bd3 h6 9.
h3 Bg5 10. h4 Bxc1 11. Qxc1 Nf6 12. g3 g6 13. Qd2 Bd7 14. Ng1 Nh5 15. Nge2 Bg4
16. Qe3 Qf6 17. Ng1 Bd7 18. Be2 Qd8 19. f4 Qb6 20. O-O-O f6 21. Rf1 exf4 22.
gxf4 O-O-O 23. e5 Bf5 24. e6 Re8 25. Bd3 Bxd3 26. Qxd3 f5 27. Nce2 Qb4 28. Qc3
Qxc3+ 29. bxc3 Kd8 30. Kd2 Ke7 31. Rb1 Rb8 32. Rb6 Nf6 33. Ng3 Nh5 34. Nxh5 gxh5
35. Ne2 Rg8 36. Rhb1 Nxe6 37. Rxb7+ Rxb7 38. Rxb7+ Kf6 39. dxe6 Kxe6 40. Rh7 Rg6
41. a5 d5 42. Ra7 Rg4 43. Rxa6+ Kd7 44. cxd5 Rxh4 45. Rxh6 Rh2 46. a6 Rh1 47. a7
Ra1 48. Rh8 1-0

[Event "European Rapid 2017"]
[Site "Katowice POL"]
[Date "2017.12.16"]
[Round "2.81"]
[White "Polzin, Rainer"]
[Black "Samborski, Henryk"]
[Result "0-1"]
[WhiteTitle "GM"]
[WhiteElo "2404"]
[BlackElo "2078"]
[WhiteFideId "4610741"]
[BlackFideId "1103849"]
[EventDate "2017.12.16"]

1. g3 g6 2. Bg2 Bg7 3. c4 c5 4. Nc3 Nc6 5. d3 e6 6. e4 Nge7 7. Nge2 O-O 8. O-O
b6 9. a3 Bb7 10. Rb1 a5 11. Be3 Nd4 12. Bxd4 cxd4 13. Nb5 e5 14. b4 axb4 15.
axb4 Bc6 16. Qb3 Bxb5 17. cxb5 d6 18. f4 Qd7 19. f5 Bh6 20. Bh3 Qxb5 21. Ra1
Rxa1 22. Rxa1 Nc6 23. Ra4 Bd2 24. fxg6 hxg6 25. Bd7 Rd8 26. Bxc6 Qxc6 27. Ra7
Rd7 28. b5 Qc8 29. Ra2 Be3+ 30. Kg2 Rc7 31. h3 Kg7 32. g4 Qd8 33. Rc2 Qf6 34.
Ng3 Rc5 35. Qb1 Rc3 36. Qd1 Rb3 37. Nf1 Rxb5 38. Qe2 Bf4 39. Rc7 Qd8 40. Ra7 Ra5
41. Rxa5 bxa5 42. Qa2 Qb6 43. h4 Qb5 44. Qc2 Qc5 45. Qa2 Qc3 46. Qe2 a4 47. h5
a3 0-1

[Event "European Rapid 2017"]
[Site "Katowice POL"]
[Date "2017.12.16"]
[Round "2.82"]
[White "Parol, Pawel"]
[Black "Piesik, Piotr"]
[Result "1/2-1/2"]
[BlackTitle "FM"]
[WhiteElo "2108"]
[BlackElo "2374"]
[WhiteFideId "1119826"]
[BlackFideId "1136194"]
[EventDate "2017.12.16"]

1. d4 Nf6 2. c4 e6 3. g3 Bb4+ 4. Bd2 a5 5. Nf3 O-O 6. Bg2 d5 7. cxd5 exd5 8. O-O
Bd6 9. Nc3 c6 10. Bg5 Nbd7 11. e4 dxe4 12. Nxe4 Be7 13. Nc3 h6 14. Bf4 Nb6 15.
Ne5 Be6 16. Qd2 Re8 17. Rfe1 Nbd5 18. Rad1 Nxf4 19. Qxf4 Nd5 20. Nxd5 Bxd5 21.
Bxd5 Qxd5 22. a3 Bf6 23. Qg4 Rad8 24. Nf3 Kf8 25. Rxe8+ Rxe8 26. Re1 Rd8 27. Qe4
Qxe4 28. Rxe4 Rd5 29. Kg2 Rb5 30. Re2 Rb3 31. Ne5 Bxe5 32. Rxe5 Rxb2 33. Rxa5
Rb3 34. a4 Rb4 35. Ra7 Ke7 36. Kf3 Kd6 37. Ke3 g5 38. h3 Kd5 39. Ra5+ b5 40.
axb5 cxb5 41. Ra7 Rb3+ 42. Ke2 Kxd4 43. Rxf7 Rb2+ 44. Kf3 b4 45. Kg4 Re2 46. f4
gxf4 47. gxf4 b3 48. Rb7 b2 49. f5 Kc3 50. f6 Rf2 51. Rc7+ Kd3 52. Rd7+ Kc4 53.
Rc7+ Kd4 54. Rb7 Kc3 55. Rc7+ Kd2 56. Rd7+ Kc2 57. Rc7+ Kd3 58. Rb7 Kc3 59. Rc7+
Kd4 60. Rb7 Kc3 61. Rc7+ Kb3 62. Rb7+ Kc3 63. Rc7+ Kd4 64. Rb7 Ke5 1/2-1/2

[Event "European Rapid 2017"]
[Site "Katowice POL"]
[Date "2017.12.16"]
[Round "2.83"]
[White "Pena Gomez, Manuel"]
[Black "Wozniak, Mariola"]
[Result "1-0"]
[WhiteTitle "IM"]
[BlackTitle "WIM"]
[WhiteElo "2491"]
[BlackElo "2170"]
[WhiteFideId "2252813"]
[BlackFideId "1152050"]
[EventDate "2017.12.16"]

1. e4 c5 2. Nc3 d6 3. g3 Nc6 4. Bg2 g6 5. d3 Bg7 6. Be3 e6 7. Qd2 Nge7 8. Bh6
O-O 9. h4 Nd4 10. Bxg7 Kxg7 11. h5 b5 12. Nd1 Ng8 13. f4 Bb7 14. Ne3 Rb8 15. g4
e5 16. hxg6 hxg6 17. f5 g5 18. c3 Nc6 19. Nf3 f6 20. Nd5 Rf7 21. O-O-O Nce7 22.
Nxf6 Rxf6 23. Qxg5+ Ng6 24. Nh4 Qa5 25. Nxg6 Qxa2 26. Nxe5+ Kf8 27. Nd7+ Ke7 28.
Rh7+ Kd8 29. Qxg8+ Qxg8 30. Rdh1 Qg5+ 31. Kb1 Rc8 32. Nxf6 Qxf6 33. Rh8+ Kc7 34.
R1h7+ Kb8 35. Rxb7+ Kxb7 36. e5+ Kb6 37. exf6 Rxh8 38. f7 Kc7 39. Bd5 Kd8 40. f6 1-0

[Event "European Rapid 2017"]
[Site "Katowice POL"]
[Date "2017.12.16"]
[Round "2.84"]
[White "Ryng, Malgorzata"]
[Black "Djuric, Stefan"]
[Result "0-1"]
[BlackTitle "GM"]
[WhiteElo "2027"]
[BlackElo "2383"]
[WhiteFideId "1120000"]
[BlackFideId "900133"]
[EventDate "2017.12.16"]

1. e4 c5 2. Nf3 g6 3. c4 Bg7 4. d4 Qa5+ 5. Nc3 Nf6 6. Qd3 Nc6 7. d5 Nb4 8. Qb1
d6 9. Be2 Nxe4 10. Qxe4 Bf5 11. Qf4 Nc2+ 12. Kf1 Nxa1 13. g4 Bd7 14. Bd2 Nc2 15.
Nb5 Qb6 16. a4 O-O 17. a5 Qd8 18. Qe4 Nb4 19. Nc3 e5 20. g5 Bh3+ 21. Ke1 Bf5 22.
Qh4 e4 23. Nxe4 Bxe4 24. Qxe4 Re8 25. Qg4 Qe7 26. Ng1 Bxb2 27. h4 Qe4 28. Qxe4
Rxe4 29. f3 Re7 30. Kf2 Bd4+ 31. Kg3 Bxg1 0-1

[Event "European Rapid 2017"]
[Site "Katowice POL"]
[Date "2017.12.16"]
[Round "2.85"]
[White "Licznerski, Lukasz"]
[Black "Gudovskis, Konstantins"]
[Result "1-0"]
[WhiteTitle "FM"]
[WhiteElo "2267"]
[BlackElo "1977"]
[WhiteFideId "1179250"]
[BlackFideId "11609753"]
[EventDate "2017.12.16"]

1. e4 d6 2. d4 Nf6 3. Nc3 g6 4. Nf3 Bg7 5. Bc4 c6 6. Bb3 Qc7 7. e5 dxe5 8. dxe5
Ng4 9. e6 f5 10. O-O Na6 11. h3 Nf6 12. Be3 Qa5 13. Ng5 Nc5 14. Bc4 Nce4 15.
Ncxe4 Nxe4 16. Nxe4 fxe4 17. Bd4 Bf6 18. Bxf6 exf6 19. Qd4 Qe5 20. Qxe5 fxe5 21.
Rfe1 b5 22. Bb3 Bb7 23. a4 c5 24. axb5 Ke7 25. Ra5 Rhc8 26. Bc4 Rd8 27. Rea1 Kd6
28. Rxa7 Rxa7 29. Rxa7 Kc7 30. e7 1-0

[Event "European Rapid 2017"]
[Site "Katowice POL"]
[Date "2017.12.16"]
[Round "2.86"]
[White "Sliwicka, Alicja"]
[Black "Polivanov, Anatoliy"]
[Result "0-1"]
[WhiteTitle "WFM"]
[BlackTitle "IM"]
[WhiteElo "2337"]
[BlackElo "2383"]
[WhiteFideId "1150677"]
[BlackFideId "14109468"]
[EventDate "2017.12.16"]

1. e4 c5 2. Nf3 e6 3. d4 cxd4 4. Nxd4 Nf6 5. Nc3 Nc6 6. Nxc6 bxc6 7. e5 Nd5 8.
Ne4 Qc7 9. f4 Rb8 10. c4 Bb4+ 11. Ke2 O-O 12. cxd5 cxd5 13. Nf2 f6 14. exf6 Rxf6
15. Be3 Rxf4 16. Bxf4 Qxf4 17. Nd3 Ba6 18. g3 Qe4+ 19. Kf2 Rf8+ 20. Kg1 Bxd3 0-1

[Event "European Rapid 2017"]
[Site "Katowice POL"]
[Date "2017.12.16"]
[Round "2.87"]
[White "Jahncke, Giso"]
[Black "Madrawski, Krzysztof"]
[Result "1-0"]
[WhiteTitle "FM"]
[WhiteElo "2403"]
[BlackElo "2052"]
[WhiteFideId "24608289"]
[BlackFideId "1163973"]
[EventDate "2017.12.16"]

1. Nf3 Nf6 2. c4 b6 3. g3 Bb7 4. Bg2 c5 5. O-O g6 6. Nc3 Bg7 7. d4 cxd4 8. Qxd4
d6 9. Be3 Nbd7 10. Rac1 O-O 11. Qh4 Rc8 12. b3 a6 13. Rfd1 Qc7 14. Nd5 Bxd5 15.
cxd5 Qb7 16. Rxc8 Rxc8 17. Nd4 Ne5 18. Nc6 Nxc6 19. dxc6 Qc7 20. Qa4 Ra8 21. Rc1
d5 22. Qd4 Ne4 23. Qxb6 Qxb6 24. Bxb6 Nc3 25. Rc2 Rc8 26. c7 e6 27. a4 Kf8 28.
e3 Ke8 29. Bf1 1-0